• 首页
  • 本馆介绍
  • 公告通知
  • 最新文献
  • 馆藏检索
  • 电子资源
  • 读者导购
  • 参考咨询
  • 我的图书馆
  • 登录
  • 详细信息显示
  • 放入我的书架
  • 预约/预借图书
  • 作者相关作品
  • 分类相关作品
  • 丛书相关作品
  • 出版社相关作品

书目信息

  • 表格格式
  • 工作单格式
  • 卡片格式
题名:
文心雕龍
    
 
作者: 刘勰, 著
分册:  
出版信息: 揚州   廣陵書社  2019.01
页数: 179页
开本: 21cm
丛书名: 經典國學讀本
单 册:
中图分类: I206.391
科图分类:
主题词: 文学理论--wen xue li lun--中国--南朝时代
电子资源:
ISBN: 978-7-5554-1174-1
000 01127nam 2200289 450
001 CAL 0120192750114
005 20230217093111.0
010    @a978-7-5554-1174-1@dCNY35.00
100    @a20190528d2019 em y0chiy0120 ea
101 0  @achi
102    @aCN@b320000
105    @ay z 000yy
106    @ar
200 1  @a文心雕龍@Awen xin diao long@f(南朝) 劉勰著
210    @a揚州@c廣陵書社@d2019.01
215    @a179页@d21cm
225 2  @a經典國學讀本@Ajing dian guo xue du ben
330    @a本书系统论述了文学的形式和内容、继承和革新的关系, 强调指出了艺术思维活动的具体形象性这一基本特征, 并初步提出了艺术创作中的形象思维问题 ; 对文学的艺术本质及其特征有较自觉的认识, 开研究文学形象思维的先河。全面总结了齐梁时代以前的美学成果, 细致地探索和论述了语言文学的审美本质及其创造、鉴赏的美学规律。
410  0 @12001 @a經典國學讀本
518 1  @a文心雕龙
605    @a文心雕龙@Awen xin diao long
606 0  @a文学理论@Awen xue li lun@y中国@z南朝时代
690    @aI206.391@v5
701  0 @a刘勰,@Aliu xie@f466?-539?@4著
730 1  @a劉勰@Aliu xie@4著
801  0 @aCN@bBJXHZP@c20230228
905    @b1398527-30@dI206.391@e413@f4
    
    文心雕龍/(南朝) 劉勰著.-揚州:廣陵書社,2019.01
    179页;21cm.-(經典國學讀本)
    
    
    ISBN 978-7-5554-1174-1:CNY35.00
    本书系统论述了文学的形式和内容、继承和革新的关系, 强调指出了艺术思维活动的具体形象性这一基本特征, 并初步提出了艺术创作中的形象思维问题 ; 对文学的艺术本质及其特征有较自觉的认识, 开研究文学形象思维的先河。全面总结了齐梁时代以前的美学成果, 细致地探索和论述了语言文学的审美本质及其创造、鉴赏的美学规律。
●
相关链接 在E读中查询图书 在五车中查询图书 在当当中查询图书 在豆瓣中查询图书


正题名:文心雕龍     索取号:I206.391/413         预约/预借

序号 登录号 条形码 馆藏地/架位号 状态 备注
1 1398527   213985277   第一样本阅览室/ [索取号:I206.391/413] 在馆    
2 1398528   213985286   第二借阅区/ [索取号:I206.391/413] 在馆    
3 1398529   213985295   第二借阅区/ [索取号:I206.391/413] 在馆    
4 1398530   213985302   第二借阅区/ [索取号:I206.391/413] 在馆    
唐山师范学院图书馆 欢迎您!
大连网信软件有限公司© 版权所有